[Event "Vitrolles-Tournefeuille"]
[Site "Saint Affrique"]
[Date "2008.04.05"]
[Round "10.7"]
[White "Estevez, Dorothee"]
[Black "Marni Sandid, Tarik"]
[Result "1-0"]
[WhiteElo "1850"]
[BlackElo "1666"]
[PlyCount "73"]
[EventDate "2008.04.05"]

1. d4 Nf6 2. c4 g6 3. Nf3 Bg7 4. Nc3 O-O 5. e4 a5 6. Bd3 Na6 7. a3 d6 8. O-O
Bg4 9. Re1 c6 10. h3 Bd7 11. e5 Ne8 12. Bf4 Rc8 13. Qd2 d5 14. Bh6 dxc4 15.
Bxc4 b5 16. Bxg7 Nxg7 17. Bd3 Bf5 18. Bxf5 Nxf5 19. g4 Ng7 20. Qh6 f6 21. Re4
Nc7 22. Rae1 Nd5 23. Ne2 Ne8 24. g5 Rf7 25. Rh4 f5 26. e6 Rg7 27. Ne5 Ndc7 28.
Nf7 Rxf7 29. exf7+ Kxf7 30. Qxh7+ Ng7 31. Nf4 Qd6 32. Nd3 Nce6 33. Ne5+ Ke8 34.
Qg8+ Nf8 35. Qxg7 c5 36. Rh8 e6 37. Qf7+ 1-0

[Event "Vitrolles-Tournefeuille"]
[Site "Saint Affrique"]
[Date "2008.04.05"]
[Round "10.8"]
[White "Cwiek, Perrine"]
[Black "Monteil, Aurelie"]
[Result "1-0"]
[WhiteElo "1730"]
[BlackElo "1690"]
[PlyCount "35"]
[EventDate "2008.04.05"]

1. e4 e5 2. Nf3 Nc6 3. Bb5 Nf6 4. O-O d6 5. Re1 Be7 6. h3 O-O 7. c3 a6 8. Ba4
b5 9. Bc2 Nd7 10. d4 Nb6 11. Nbd2 f5 12. dxe5 fxe4 13. Bxe4 d5 14. Bd3 Nc4 15.
Qc2 Nxd2 16. Bxh7+ Kh8 17. Bxd2 Bxh3 18. Qd3 1-0

[Event "Bordeaux ASPOM-Vitrolles"]
[Site "Saint Affrique"]
[Date "2008.04.06"]
[Round "11.1"]
[White "Favarel, Julien"]
[Black "Midoux, Sebastien"]
[Result "1/2-1/2"]
[WhiteElo "2296"]
[BlackElo "2360"]
[PlyCount "66"]
[EventDate "2008.04.06"]

1. e4 c5 2. Nf3 d6 3. d4 cxd4 4. Nxd4 Nf6 5. Nc3 a6 6. g3 e5 7. Nde2 Nbd7 8.
Bg2 b5 9. h3 Bb7 10. g4 b4 11. Nd5 Nxd5 12. exd5 Rc8 13. a3 a5 14. axb4 axb4
15. Be3 Nc5 16. b3 Be7 17. Qd2 Rb8 18. Ng3 O-O 19. O-O g6 20. Bh6 Re8 21. f4
Bf6 22. f5 e4 23. fxg6 fxg6 24. Qf2 Be5 25. Nxe4 Nxe4 26. Bxe4 Bxa1 27. Qf7+
Kh8 28. Rxa1 Qb6+ 29. Kh2 Qd4 30. Rf1 Qe5+ 31. Kg1 Qd4+ 32. Kh2 Qe5+ 33. Kg1
Qd4+ 1/2-1/2

[Event "Bordeaux ASPOM-Vitrolles"]
[Site "Saint Affrique"]
[Date "2008.04.06"]
[Round "11.2"]
[White "Diaz, Mickael"]
[Black "Le Huec, Marc"]
[Result "1/2-1/2"]
[WhiteElo "2239"]
[BlackElo "2204"]
[PlyCount "76"]
[EventDate "2008.04.06"]

1. d4 Nf6 2. Nf3 g6 3. c4 Bg7 4. g3 O-O 5. Bg2 d6 6. O-O Nbd7 7. Nc3 e5 8. dxe5
dxe5 9. h3 h6 10. Qc2 Re8 11. Rd1 c6 12. Nd2 Qe7 13. Nde4 Nxe4 14. Nxe4 Nc5 15.
Nxc5 Qxc5 16. e4 Be6 17. b3 Red8 18. Be3 Qa5 19. Rd2 Rxd2 20. Qxd2 Qxd2 21.
Bxd2 a5 22. a4 Bf8 23. Bc3 f6 24. Rd1 g5 25. Bf1 Bb4 26. Bxb4 axb4 27. Be2 Kf8
28. Bg4 Bxg4 29. hxg4 Ke7 30. Kf1 c5 31. Ke2 b6 32. Ke3 Rd8 33. Rd5 Rc8 34. Ke2
Ke6 35. Rd1 Ke7 36. Rd5 Ke6 37. Rd1 Ke7 38. Rd5 Ke6 1/2-1/2

[Event "Bordeaux ASPOM-Vitrolles"]
[Site "Saint Affrique"]
[Date "2008.04.06"]
[Round "11.3"]
[White "Bancel, Gerard"]
[Black "Gaudineau, Eric"]
[Result "0-1"]
[WhiteElo "2139"]
[BlackElo "2335"]
[PlyCount "70"]
[EventDate "2008.04.06"]

1. g3 e5 2. Bg2 Nc6 3. e4 Bc5 4. Ne2 d6 5. c3 Qf6 6. O-O Bg4 7. b4 Bb6 8. Na3
Bf3 9. d3 Nge7 10. Nc4 Ng6 11. Nd2 Bxg2 12. Kxg2 h5 13. Nf3 h4 14. Neg1 Qe7 15.
a4 a5 16. b5 Nd8 17. d4 Ne6 18. Re1 O-O-O 19. Ba3 Qf6 20. Bb2 Rh7 21. d5 Nef4+
22. Kf1 hxg3 23. hxg3 Nh3 24. Nxh3 Rxh3 25. Ke2 Nh4 26. Nxh4 Qxf2+ 27. Kd3
Rxg3+ 28. Kc4 Qxb2 29. Rc1 Qf2 30. Nf5 Qc5+ 31. Kb3 Qb4+ 32. Ka2 Rxc3 33. Rxc3
Qxc3 34. Rh1 g6 35. Ne7+ Kb8 0-1

[Event "Bordeaux ASPOM-Vitrolles"]
[Site "Saint Affrique"]
[Date "2008.04.06"]
[Round "11.4"]
[White "Abello, Sebastien"]
[Black "Jaureguiberry, Cedric"]
[Result "1-0"]
[WhiteElo "2298"]
[BlackElo "2166"]
[PlyCount "139"]
[EventDate "2008.04.06"]

1. d4 Nf6 2. c4 g6 3. Nc3 Bg7 4. e4 d6 5. f3 O-O 6. Be3 Nc6 7. Nge2 a6 8. Qd2
Rb8 9. Nc1 e5 10. d5 Nd4 11. Nb3 Nxb3 12. axb3 Nh5 13. O-O-O f5 14. Bd3 Rf7 15.
b4 Bf8 16. Kb1 Nf6 17. h3 Qe8 18. g4 f4 19. Bf2 b5 20. cxb5 axb5 21. Rc1 Bd7
22. Bc2 c5 23. dxc6 Be6 24. Nd5 Qxc6 25. Bb3 Qe8 26. Nxf6+ Rxf6 27. Bxe6+ Qxe6
28. Rhd1 Rf7 29. Qd5 Qxd5 30. Rxd5 Rfb7 31. Rc3 Kf7 32. Ra3 Be7 33. Ra6 h5 34.
g5 Kg7 35. h4 Kf7 36. Be1 Kg7 37. Bc3 Kf7 38. Kc2 Kg7 39. Kb3 Kf7 40. Be1 Kg7
41. Bf2 Kf7 42. Rd3 Kg7 43. Rc3 Kf7 44. Rcc6 Kg7 45. Bb6 Kf7 46. Bc7 Rc8 47.
Bxd6 Rxc6 48. Rxc6 Bxd6 49. Rxd6 Rb8 50. Rf6+ Kg7 51. Re6 Rd8 52. Kc3 Rc8+ 53.
Kd3 Rd8+ 54. Ke2 Rd4 55. Rxe5 Rxb4 56. Re7+ Kf8 57. Rb7 Rxb2+ 58. Kd3 Rb4 59.
e5 Kg8 60. Rb6 Kf7 61. Rf6+ Kg7 62. e6 Ra4 63. Rf7+ Kg8 64. Rb7 Ra3+ 65. Ke4
Re3+ 66. Kd5 Kf8 67. Kd6 Rxf3 68. Rb8+ Kg7 69. e7 Rd3+ 70. Kc5 1-0

[Event "Bordeaux ASPOM-Vitrolles"]
[Site "Saint Affrique"]
[Date "2008.04.06"]
[Round "11.5"]
[White "Calas, Bernard"]
[Black "Diaz, Franck"]
[Result "0-1"]
[WhiteElo "2140"]
[BlackElo "2170"]
[PlyCount "110"]
[EventDate "2008.04.06"]

1. e4 e5 2. Bc4 Nc6 3. Nf3 Nf6 4. d4 exd4 5. O-O Bc5 6. c3 d3 7. b4 Bb6 8. a4
a6 9. Qxd3 d6 10. Ba3 O-O 11. b5 axb5 12. axb5 Na5 13. Nbd2 Re8 14. Bb4 Bg4 15.
Rfe1 Bxf3 16. Nxf3 Nxc4 17. Rxa8 Qxa8 18. Qxc4 Ng4 19. Nd4 Qa7 20. Qd3 d5 21.
f3 Ne5 22. Qd2 dxe4 23. Kh1 Nc4 24. Qe2 Nd6 25. Bxd6 Bxd4 26. Bxc7 Bxc3 27. Rc1
Qa3 28. Bf4 Qb4 29. h3 h6 30. Qf2 Bd4 31. Qe2 e3 32. Bh2 Bb6 33. Bg3 Qd2 34.
Rc2 Qxe2 35. Rxe2 g5 36. f4 f5 37. Kg1 Re4 38. fxg5 hxg5 39. Be1 Rd4 40. g3 Rd1
41. Kg2 Rb1 42. Kf3 Rxb5 43. h4 g4+ 44. Kf4 Kh7 45. Kg5 Bd8+ 46. Kf4 Bb6 47.
Kg5 Bd8+ 48. Kf4 Kg6 49. Rh2 Bc7+ 50. Kxe3 Re5+ 51. Kf2 Rxe1 52. h5+ Kh6 53.
Rg2 Re4 54. Rh2 Rb4 55. Ke3 Bxg3 0-1

[Event "Bordeaux ASPOM-Vitrolles"]
[Site "Saint Affrique"]
[Date "2008.04.06"]
[Round "11.6"]
[White "Cherki, Thomas"]
[Black "Sallette, Alain"]
[Result "0-1"]
[WhiteElo "2196"]
[BlackElo "1967"]
[PlyCount "86"]
[EventDate "2008.04.06"]

1. e4 c5 2. Nc3 d6 3. f4 Nf6 4. Nf3 Nc6 5. Bc4 e6 6. d3 d5 7. Bb5 Bd7 8. f5 d4
9. fxe6 fxe6 10. Bxc6 bxc6 11. Nb1 Be7 12. Nbd2 O-O 13. O-O Be8 14. Nc4 Bh5 15.
Bg5 Qe8 16. Qd2 h6 17. Bf4 Rd8 18. Bc7 Rd7 19. Bg3 Bd8 20. b3 Bc7 21. Bxc7 Rxc7
22. Qa5 Qe7 23. Nfe5 Rcc8 24. Rf2 Rfd8 25. Qa6 Be8 26. Na5 Qd6 27. Nec4 Qc7 28.
g3 Ng4 29. Rf4 Nf6 30. Nb7 Nh5 31. Rf3 Rd7 32. Nxc5 Rf7 33. Nxe6 Qd7 34. Nc5
Qh3 35. Raf1 Nxg3 36. hxg3 Rxf3 37. Rxf3 Bh5 38. Rf2 Qxg3+ 39. Kf1 Qh3+ 40. Ke1
Qh1+ 41. Rf1 Qh4+ 42. Kd2 Qg5+ 43. Ke1 Qc1+ 0-1

[Event "Bordeaux ASPOM-Vitrolles"]
[Site "Saint Affrique"]
[Date "2008.04.06"]
[Round "11.7"]
[White "Favarel, Antoine"]
[Black "Estevez, Dorothee"]
[Result "1-0"]
[WhiteElo "2065"]
[BlackElo "1850"]
[PlyCount "105"]
[EventDate "2008.04.06"]

1. e4 c5 2. Nf3 d6 3. Bb5+ Bd7 4. Bxd7+ Nxd7 5. O-O Ngf6 6. Re1 g6 7. c3 Bg7 8.
d4 e5 9. Bg5 O-O 10. dxe5 dxe5 11. Na3 Re8 12. Qb3 Qb8 13. Rad1 a6 14. c4 Qc7
15. Nb1 Qc6 16. Nc3 Rab8 17. a4 Nb6 18. Rd2 Qe6 19. Bxf6 Bxf6 20. Nd5 Bd8 21.
Red1 Nc8 22. Qe3 b6 23. Qh6 f6 24. Nf4 exf4 25. Rxd8 Ne7 26. Rxb8 Rxb8 27. Qxf4
Rf8 28. b3 Nc8 29. h3 Kg7 30. Qc7+ Rf7 31. Qd8 Re7 32. Re1 Qd7 33. Rd1 Qe6 34.
Qd5 a5 35. Qa8 Nd6 36. Re1 Nf7 37. Qd5 Qxd5 38. cxd5 Nd6 39. Nd2 Kf7 40. Nc4
Nxc4 41. bxc4 Ke8 42. f4 g5 43. e5 gxf4 44. e6 Rb7 45. d6 b5 46. axb5 Rb6 47.
Rd1 Kd8 48. Kf2 a4 49. Kf3 a3 50. Ke4 a2 51. Kd5 Rb8 52. Ra1 Ra8 53. b6 1-0

[Event "Chamalieres-Montpellier Diagonale"]
[Site "Saint Affrique"]
[Date "2008.04.06"]
[Round "11.1"]
[White "Etchegaray, Patrice"]
[Black "Rodriguez, Amador"]
[Result "1/2-1/2"]
[WhiteElo "2378"]
[BlackElo "2483"]
[PlyCount "24"]
[EventDate "2008.04.06"]

1. e4 d5 2. exd5 Qxd5 3. Nc3 Qa5 4. d4 Nf6 5. Nf3 c6 6. Bc4 Bf5 7. Bd2 e6 8.
Nd5 Qd8 9. Nxf6+ gxf6 10. Bb3 a5 11. a4 Be4 12. c3 Qb6 1/2-1/2

[Event "Chamalieres-Montpellier Diagonale"]
[Site "Saint Affrique"]
[Date "2008.04.06"]
[Round "11.2"]
[White "Martin Gonzalez, Angel"]
[Black "Robin, Samy"]
[Result "1/2-1/2"]
[WhiteElo "2365"]
[BlackElo "2347"]
[PlyCount "70"]
[EventDate "2008.04.06"]

1. e4 e5 2. Nf3 Nc6 3. Bb5 a6 4. Bxc6 dxc6 5. O-O Bg4 6. h3 h5 7. d3 Qf6 8. Be3
Bxf3 9. Qxf3 Qxf3 10. gxf3 Bd6 11. Nd2 Ne7 12. Nc4 O-O-O 13. Rfd1 c5 14. a4 b6
15. Kf1 f6 16. f4 exf4 17. Nxd6+ cxd6 18. Bxf4 d5 19. exd5 Nxd5 20. Bd2 g5 21.
Re1 Rhe8 22. Kg2 Kd7 23. Kf3 Nc7 24. Bc3 Rxe1 25. Rxe1 Re8 26. Re4 Re6 27. Kg3
f5 28. Re5 Rxe5 29. Bxe5 h4+ 30. Kf3 Nd5 31. c3 Ke6 32. Bb8 b5 33. axb5 axb5
34. c4 bxc4 35. dxc4 Nf6 1/2-1/2

[Event "Chamalieres-Montpellier Diagonale"]
[Site "Saint Affrique"]
[Date "2008.04.06"]
[Round "11.4"]
[White "Vaisman, Volodia"]
[Black "Blanc, Sebastien"]
[Result "1/2-1/2"]
[WhiteElo "2353"]
[BlackElo "2120"]
[PlyCount "81"]
[EventDate "2008.04.06"]

1. Nf3 c5 2. c4 g6 3. Nc3 Bg7 4. g3 b6 5. Bg2 Bb7 6. O-O e5 7. d3 Ne7 8. Ne1
Bxg2 9. Nxg2 O-O 10. Ne3 Nbc6 11. a3 d6 12. Rb1 f5 13. Ned5 Nxd5 14. Nxd5 f4
15. f3 Ne7 16. Nxe7+ Qxe7 17. b4 Qd7 18. Kg2 g5 19. e4 Rf7 20. g4 Bf6 21. Kh1
h5 22. Rg1 Rh7 23. Rb2 Kf7 24. Qf1 Rah8 25. Qg2 hxg4 26. Qxg4 Qxg4 27. Rxg4 Rh3
28. Rf2 R8h4 29. Rxh4 Rxh4 30. Kg2 g4 31. fxg4 Rxg4+ 32. Kf1 Bh4 33. Rg2 Rxg2
34. Kxg2 cxb4 35. axb4 a5 36. Ba3 Ke6 37. Kf1 f3 38. b5 a4 39. Bc1 Kd7 40. Ba3
Ke6 41. Bc1 1/2-1/2

[Event "Chamalieres-Montpellier Diagonale"]
[Site "Saint Affrique"]
[Date "2008.04.06"]
[Round "11.5"]
[White "Ollier, Pablo"]
[Black "Guerin, Gilles"]
[Result "1/2-1/2"]
[WhiteElo "2147"]
[BlackElo "2225"]
[PlyCount "68"]
[EventDate "2008.04.06"]

1. d4 Nf6 2. c4 d6 3. Nc3 Nbd7 4. e4 e5 5. Nf3 g6 6. Be2 Bg7 7. O-O O-O 8. Re1
exd4 9. Nxd4 Re8 10. f3 c6 11. Nc2 Nb6 12. Bg5 h6 13. Bh4 g5 14. Bg3 d5 15. c5
Nbd7 16. Bd6 dxe4 17. Bc4 Bf8 18. Nxe4 Nxe4 19. fxe4 Nxc5 20. Qh5 Be6 21. Bxf8
Rxf8 22. Bxe6 Nxe6 23. Qxh6 Re8 24. Re3 Nf4 25. h4 Re6 26. Qxg5+ Qxg5 27. hxg5
Rd8 28. Rf1 Rd2 29. Rxf4 Rxc2 30. Rb3 b6 31. Rd3 Re7 32. g6 fxg6 33. Rf6 g5 34.
Rf5 Rxe4 1/2-1/2

[Event "Chamalieres-Montpellier Diagonale"]
[Site "Saint Affrique"]
[Date "2008.04.06"]
[Round "11.6"]
[White "Vaklinov, Vasil"]
[Black "Lafeuille, Bernard"]
[Result "1-0"]
[WhiteElo "2190"]
[BlackElo "1922"]
[PlyCount "81"]
[EventDate "2008.04.06"]

1. c4 f5 2. Nc3 Nf6 3. g3 e6 4. Bg2 Be7 5. d4 O-O 6. Nf3 d6 7. O-O Ne4 8. Qd3
Nxc3 9. Qxc3 a5 10. a3 Nc6 11. Rb1 Bf6 12. Rd1 Qe7 13. b4 e5 14. e3 e4 15. Nd2
a4 16. b5 Nd8 17. Qc2 Ne6 18. Nf1 Ng5 19. Qe2 Qf7 20. Nd2 Qg6 21. Bb2 Bd7 22.
Re1 Qh6 23. f4 Nh3+ 24. Kh1 Be8 25. Qf1 Ng5 26. fxg5 Bxg5 27. Qf2 Bg6 28. Rbc1
Rf7 29. d5 Raf8 30. Nf1 Bh5 31. Bd4 Be7 32. b6 cxb6 33. Rb1 g5 34. Rxb6 f4 35.
exf4 gxf4 36. Bxe4 f3 37. c5 Rf6 38. Rxb7 dxc5 39. Be3 Qg7 40. Bxc5 R6f7 41. d6
1-0

[Event "Chamalieres-Montpellier Diagonale"]
[Site "Saint Affrique"]
[Date "2008.04.06"]
[Round "11.7"]
[White "Ollier, Milan"]
[Black "Louche, Herve"]
[Result "1-0"]
[WhiteElo "1893"]
[BlackElo "1866"]
[PlyCount "61"]
[EventDate "2008.04.06"]

1. e4 c5 2. Nc3 Nc6 3. g3 g6 4. Bg2 Bg7 5. d3 d6 6. Be3 e5 7. Qd2 Nge7 8. Bh6
O-O 9. h4 Bxh6 10. Qxh6 f6 11. Qd2 Rb8 12. h5 g5 13. h6 Ng6 14. Nge2 Nd4 15.
O-O-O b5 16. Rdf1 Be6 17. Nd5 Bxd5 18. exd5 b4 19. Nxd4 cxd4 20. f4 Qc7 21.
fxg5 b3 22. axb3 Rxb3 23. Kb1 Rc3 24. Rxf6 Rb8 25. Rxg6+ hxg6 26. h7+ Kh8 27.
Qf2 Qb7 28. Qf6+ Qg7 29. Qxg7+ Kxg7 30. h8=Q+ Rxh8 31. Rxh8 1-0

[Event "Chamalieres-Montpellier Diagonale"]
[Site "Saint Affrique"]
[Date "2008.04.06"]
[Round "11.8"]
[White "Genis, Nina"]
[Black "Revidon, Laetitia"]
[Result "1-0"]
[WhiteElo "1950"]
[BlackElo "1747"]
[PlyCount "55"]
[EventDate "2008.04.06"]

1. c4 e5 2. g3 Nf6 3. Bg2 d5 4. cxd5 Nxd5 5. Nc3 Be6 6. Nf3 Nc6 7. O-O Bc5 8.
Na4 Bb6 9. Nxb6 Nxb6 10. b3 e4 11. Ne1 f5 12. Bb2 Qd7 13. d3 O-O-O 14. Nc2 Qe7
15. Qe1 Bd5 16. dxe4 Bxe4 17. Bxe4 Qxe4 18. Rc1 Rhg8 19. f3 Qe6 20. e4 Rge8 21.
exf5 Qxf5 22. Qf2 Ne5 23. Nd4 Qh3 24. Rfd1 Rf8 25. Qc2 Rf7 26. f4 Ng4 27. Ne6
Rdd7 28. Qxc7+ 1-0

[Event "L'Isle sur la Sorgue-Echiquier Bordelai"]
[Site "Saint Affrique"]
[Date "2008.04.06"]
[Round "11.1"]
[White "Dimitrov, Christo"]
[Black "Passager, Jean Pierre"]
[Result "1-0"]
[WhiteElo "2307"]
[BlackElo "2238"]
[PlyCount "69"]
[EventDate "2008.04.06"]

1. e4 e6 2. d4 d5 3. exd5 exd5 4. Nf3 Bd6 5. c4 c6 6. Nc3 Ne7 7. Qb3 Qb6 8. c5
Qxb3 9. axb3 Bc7 10. b4 Bd7 11. Bd3 f6 12. O-O Kf7 13. Nd2 Bf5 14. Bxf5 Nxf5
15. Nb3 Na6 16. Ra4 Bd8 17. b5 Nc7 18. bxc6 bxc6 19. Na5 Ne7 20. Nb7 Nc8 21.
Be3 Ke6 22. Rfa1 Kd7 23. Nxd8 Rxd8 24. Rb4 Re8 25. Rb7 Kd8 26. g3 Re7 27. Ra4
Nb5 28. Rxb5 cxb5 29. Nxb5 Rb7 30. Nc3 Ne7 31. b4 g5 32. b5 Rab8 33. Ra6 Rxb5
34. Nxb5 Rxb5 35. Rxf6 1-0

[Event "L'Isle sur la Sorgue-Echiquier Bordelai"]
[Site "Saint Affrique"]
[Date "2008.04.06"]
[Round "11.2"]
[White "Daumens, Michel"]
[Black "Moncamp, Gilles"]
[Result "1/2-1/2"]
[WhiteElo "2190"]
[BlackElo "2200"]
[PlyCount "37"]
[EventDate "2008.04.06"]

1. e4 e5 2. Nf3 Nc6 3. Bc4 Bc5 4. c3 Nf6 5. d3 d6 6. Nbd2 a6 7. Bb3 h6 8. h3
O-O 9. Nf1 d5 10. Qe2 Be6 11. Ng3 Qd7 12. Be3 Bxe3 13. Qxe3 dxe4 14. Bxe6 Qxe6
15. dxe4 Rad8 16. O-O Rd7 17. b3 Rfd8 18. Qe2 Ne7 19. Rad1 1/2-1/2

[Event "L'Isle sur la Sorgue-Echiquier Bordelai"]
[Site "Saint Affrique"]
[Date "2008.04.06"]
[Round "11.3"]
[White "Weill, Roland"]
[Black "Faber, Michel"]
[Result "1/2-1/2"]
[WhiteElo "2222"]
[BlackElo "2250"]
[PlyCount "45"]
[EventDate "2008.04.06"]

1. g3 c5 2. Bg2 Nc6 3. c4 g6 4. Nc3 Bg7 5. Nf3 e6 6. O-O Nf6 7. d4 cxd4 8. Nxd4
d5 9. cxd5 exd5 10. Nxc6 bxc6 11. Qa4 Bd7 12. Qb4 Qe7 13. Qxe7+ Kxe7 14. b3
Rhe8 15. Ba3+ Kd8 16. Rac1 d4 17. Na4 Rxe2 18. Bxc6 Bxc6 19. Rxc6 Ne4 20. Nc5
Rc8 21. Rxc8+ Kxc8 22. Nxe4 Rxe4 23. Rd1 1/2-1/2

[Event "L'Isle sur la Sorgue-Echiquier Bordelai"]
[Site "Saint Affrique"]
[Date "2008.04.06"]
[Round "11.4"]
[White "Lemeaux, David"]
[Black "Morice, Ludovic"]
[Result "1-0"]
[WhiteElo "2191"]
[BlackElo "2064"]
[PlyCount "71"]
[EventDate "2008.04.06"]

1. e4 d5 2. exd5 Qxd5 3. Nc3 Qd6 4. d4 Nf6 5. g3 a6 6. Bg2 Bg4 7. Nge2 c6 8.
O-O e6 9. Bf4 Qd8 10. h3 Bh5 11. Qd2 Be7 12. Be3 Nbd7 13. Nf4 Bg6 14. Nxg6 hxg6
15. Ne2 Nd5 16. c4 Nxe3 17. Qxe3 Nf6 18. Rad1 O-O 19. Nf4 Bd6 20. Ne2 Qc7 21.
Qb3 Rab8 22. Nc3 b5 23. Rd2 Rfd8 24. Rfd1 Kf8 25. Rc2 b4 26. Ne2 c5 27. Rcd2 a5
28. Qe3 Kg8 29. dxc5 Be7 30. c6 Rxd2 31. Rxd2 a4 32. Nd4 Bc5 33. Qg5 Bxd4 34.
Rxd4 e5 35. Rd1 e4 36. Qc5 1-0

[Event "L'Isle sur la Sorgue-Echiquier Bordelai"]
[Site "Saint Affrique"]
[Date "2008.04.06"]
[Round "11.5"]
[White "Sibirko, Ivan"]
[Black "Galloux, Maxime"]
[Result "1-0"]
[WhiteElo "2095"]
[BlackElo "2063"]
[PlyCount "147"]
[EventDate "2008.04.06"]

1. d4 Nf6 2. c4 g6 3. g3 Bg7 4. Bg2 O-O 5. Nc3 d6 6. Nf3 Nbd7 7. O-O e5 8. e3
exd4 9. exd4 Nb6 10. b3 c5 11. Bg5 h6 12. Bf4 Bg4 13. h3 Bxf3 14. Bxf3 cxd4 15.
Nb5 d5 16. c5 Nbd7 17. Rc1 Ne4 18. Bxe4 dxe4 19. Nxd4 Ne5 20. Bxe5 Bxe5 21. Rc4
Qd7 22. Qg4 Qxg4 23. hxg4 Rfd8 24. Nc2 f5 25. Re1 Kf7 26. f4 Bf6 27. gxf5 gxf5
28. Ne3 Bd4 29. Kg2 Bxe3 30. Rxe3 Rd2+ 31. Kh3 Rg8 32. Rb4 Rd7 33. Ra4 a6 34.
c6 bxc6 35. Rxa6 Rg6 36. Rc3 Rdd6 37. Ra7+ Ke6 38. Rc2 Kd5 39. Rc4 Rde6 40. Kg2
e3 41. Rd7+ Rd6 42. Rxd6+ Rxd6 43. Kf3 Re6 44. Ke2 Rg6 45. Kf3 Re6 46. Rc2 Kd4
47. Re2 c5 48. a4 Kd3 49. a5 Kd4 50. Ra2 Kd3 51. Re2 Kd4 52. Re1 Ra6 53. Rd1+
Kc3 54. Rc1+ Kb4 55. Rc4+ Kb5 56. g4 e2 57. Kxe2 fxg4 58. Kf2 Rxa5 59. f5 h5
60. Ra4 Rxa4 61. bxa4+ Kc6 62. f6 Kd7 63. a5 c4 64. a6 c3 65. a7 c2 66. a8=Q
c1=Q 67. Qd5+ Kc7 68. f7 Qb2+ 69. Kg3 Qa3+ 70. Kh4 Qh3+ 71. Kg5 Qe3+ 72. Kg6
Qe7 73. Kg7 g3 74. Kg8 1-0

[Event "L'Isle sur la Sorgue-Echiquier Bordelai"]
[Site "Saint Affrique"]
[Date "2008.04.06"]
[Round "11.6"]
[White "Lagunes, Jean Renaud"]
[Black "Vanderbeeken, Mikael"]
[Result "0-1"]
[WhiteElo "2063"]
[BlackElo "2093"]
[PlyCount "86"]
[EventDate "2008.04.06"]

1. e4 e6 2. d4 d5 3. Nc3 Nf6 4. Bg5 dxe4 5. Nxe4 Nbd7 6. Nxf6+ Nxf6 7. Nf3 h6
8. Bxf6 Qxf6 9. c3 Bd6 10. Bd3 Bd7 11. Qe2 O-O-O 12. O-O g5 13. Ne5 Bxe5 14.
dxe5 Qf4 15. b4 g4 16. f3 g3 17. h3 Ba4 18. Rfe1 Rd5 19. Be4 Bb5 20. Qe3 Qxe3+
21. Rxe3 Rd2 22. f4 Rg8 23. Bf3 Ba4 24. Bg4 Kd8 25. Be2 Ke7 26. Kf1 a6 27. Ke1
Rb2 28. Rd3 h5 29. Rd2 Rxd2 30. Kxd2 Bc6 31. Bf1 f6 32. Re1 f5 33. c4 Rd8+ 34.
Kc3 h4 35. Rc1 b6 36. Ra1 Be4 37. a3 c5 38. Rc1 Rd4 39. bxc5 bxc5 40. Rc2 Kd7
41. Re2 Rd3+ 42. Kc2 Rf3+ 43. Rxe4 fxe4 0-1

[Event "L'Isle sur la Sorgue-Echiquier Bordelai"]
[Site "Saint Affrique"]
[Date "2008.04.06"]
[Round "11.7"]
[White "Lallement, Victor"]
[Black "Ghaibi, Ziyad"]
[Result "1-0"]
[WhiteElo "2093"]
[BlackElo "1899"]
[PlyCount "61"]
[EventDate "2008.04.06"]

1. e4 e6 2. d3 d5 3. Nd2 c5 4. Ngf3 Nf6 5. g3 Be7 6. Bg2 Nc6 7. O-O O-O 8. Re1
Qc7 9. Nf1 b5 10. e5 Nd7 11. Bf4 a5 12. h4 Ba6 13. Ne3 b4 14. Bh3 a4 15. Nxd5
exd5 16. e6 Qb6 17. exf7+ Rxf7 18. Bxd7 Bc8 19. Bxc6 Qxc6 20. Ne5 Qf6 21. Nxf7
Qxf7 22. Qe2 Ra7 23. Qe5 Rb7 24. Bg5 Bh3 25. Qf4 Qxf4 26. Bxf4 Kf7 27. Be5 Bg4
28. Kg2 g5 29. hxg5 Bxg5 30. f3 Bh5 31. g4 1-0

[Event "L'Isle sur la Sorgue-Echiquier Bordelai"]
[Site "Saint Affrique"]
[Date "2008.04.06"]
[Round "11.8"]
[White "Soissong, Elzbieta"]
[Black "Dubois, Martine"]
[Result "1/2-1/2"]
[WhiteElo "1700"]
[BlackElo "1992"]
[PlyCount "27"]
[EventDate "2008.04.06"]

1. d4 Nf6 2. Nf3 g6 3. Nbd2 d5 4. e3 Bg7 5. Bd3 O-O 6. O-O Nbd7 7. c3 c5 8. Re1
e5 9. dxe5 Ng4 10. e4 Ndxe5 11. Nxe5 Nxe5 12. Nf3 Nxd3 13. Qxd3 dxe4 14. Qxe4
1/2-1/2

[Event "Monaco-Ramonville"]
[Site "Saint Affrique"]
[Date "2008.04.06"]
[Round "11.1"]
[White "Van Hoolandt, Patrick"]
[Black "Lejarre, Ludovic"]
[Result "1/2-1/2"]
[WhiteElo "2183"]
[BlackElo "2413"]
[PlyCount "26"]
[EventDate "2008.04.06"]

1. d4 Nf6 2. c4 g6 3. Nc3 Bg7 4. e4 d6 5. Nf3 O-O 6. Be2 Na6 7. O-O e5 8. Be3
Ng4 9. Bg5 Qe8 10. dxe5 dxe5 11. h3 h6 12. Bd2 Nf6 13. Be3 Qe7 1/2-1/2

[Event "Monaco-Ramonville"]
[Site "Saint Affrique"]
[Date "2008.04.06"]
[Round "11.4"]
[White "Bedos, Michel"]
[Black "Roussiere, Christophe"]
[Result "1/2-1/2"]
[WhiteElo "2277"]
[BlackElo "2128"]
[PlyCount "21"]
[EventDate "2008.04.06"]

1. e4 e5 2. Nf3 Nc6 3. Bb5 a6 4. Ba4 Nf6 5. d3 d6 6. c3 Be7 7. O-O O-O 8. Re1
b5 9. Bc2 Re8 10. Nbd2 Bf8 11. Nf1 1/2-1/2

[Event "Monaco-Ramonville"]
[Site "Saint Affrique"]
[Date "2008.04.06"]
[Round "11.6"]
[White "Iwanesko, Alexandre"]
[Black "Birens, Eric Andre"]
[Result "1/2-1/2"]
[WhiteElo "2060"]
[BlackElo "2046"]
[PlyCount "25"]
[EventDate "2008.04.06"]

1. e4 c5 2. Nf3 d6 3. d4 cxd4 4. Nxd4 Nf6 5. Nc3 a6 6. Qf3 e6 7. g4 Be7 8. g5
Nfd7 9. h4 Ne5 10. Qg3 Nbc6 11. Nxc6 Nxc6 12. Bd3 Qb6 13. O-O 1/2-1/2

[Event "Monaco-Ramonville"]
[Site "Saint Affrique"]
[Date "2008.04.06"]
[Round "11.7"]
[White "Mirabel, Marcel"]
[Black "Galby, Vassili"]
[Result "1/2-1/2"]
[WhiteElo "1894"]
[BlackElo "2079"]
[PlyCount "28"]
[EventDate "2008.04.06"]

1. e4 c5 2. Nf3 Nc6 3. Bb5 g6 4. Bxc6 dxc6 5. d3 Bg7 6. c3 e5 7. Be3 Qe7 8. Qe2
Nf6 9. h3 Nd7 10. Na3 Nf8 11. Nc2 Ne6 12. O-O O-O 13. Rfe1 Rd8 14. Rad1 Bd7
1/2-1/2

[Event "Montpellier II-Saint Affrique"]
[Site "Saint Affrique"]
[Date "2008.04.06"]
[Round "11.2"]
[White "Letreguilly, Olivier"]
[Black "Zharkov, Hleb"]
[Result "1/2-1/2"]
[WhiteElo "2336"]
[BlackElo "2262"]
[PlyCount "53"]
[EventDate "2008.04.06"]

1. e4 e6 2. d4 d5 3. Nd2 Be7 4. c3 c5 5. dxc5 Nf6 6. exd5 Qxd5 7. b4 e5 8. Qb3
Qc6 9. Ngf3 Nbd7 10. Bc4 O-O 11. O-O b5 12. cxb6 Bb7 13. bxa7 e4 14. Nd4 Qc7
15. Be2 Bd6 16. h3 e3 17. N2f3 exf2+ 18. Rxf2 Ne4 19. Be3 Nxf2 20. Bxf2 Bg3 21.
Rf1 Nf6 22. Bxg3 Qxg3 23. Nf5 Qf4 24. N3d4 Qe5 25. Bf3 Rxa7 26. Bxb7 Rxb7 27.
Qd1 1/2-1/2

[Event "Montpellier II-Saint Affrique"]
[Site "Saint Affrique"]
[Date "2008.04.06"]
[Round "11.3"]
[White "Touzane, Olivier"]
[Black "Leygue, Dominique"]
[Result "1/2-1/2"]
[WhiteElo "2310"]
[BlackElo "2304"]
[PlyCount "47"]
[EventDate "2008.04.06"]

1. d4 Nf6 2. Nf3 g6 3. g3 Bg7 4. Bg2 O-O 5. O-O d6 6. c4 Nc6 7. Nc3 e5 8. dxe5
Nxe5 9. Nxe5 dxe5 10. Bg5 Qxd1 11. Raxd1 c6 12. Rd6 Be6 13. b3 h6 14. Be3 Ng4
15. Bc5 Rfe8 16. h3 Nf6 17. Na4 Bf8 18. Rd2 Nd7 19. Be3 Bb4 20. Rd3 Bf5 21.
Rdd1 h5 22. Kh2 a6 23. Nb6 Nxb6 24. Bxb6 1/2-1/2